00687nam a2200241 a 4500001001300000003000900013005001700022008004100039020000900080082001600089100001600105245005000121260002500171300000900196500003500205505001500240650002500255700001600280902000800296942000700304952011700311999001700428nice12345678IN_TiNIC20260116015046.0050524s1998 dela grp 000 0 eng  ac6500a331.69bSAR aSarkar, R L aChristian Tea Garden Workers of Tribal Origin aDelhi bISPCK c1998 a127p aincludes index and biblioraphy2 aAppendices aTribes-India-Workers1 aSarkar, R L bSRS cBK 001040708StackRoom-aHMIbHMId2008-02-18g65.00l0o331.69 SARp11000533r2008-02-18v65.00w2005-05-24yBK c18137d18137